MARC

LEADER 00000nam0a2200000 4500
001 104873
005 20231031114159.0
035 |a (RuTPU)RU\TPU\book\113086 
090 |a 104873 
100 |a 20061109d1982 m y0rusy50 ca 
101 0 |a rus 
102 |a UA 
105 |a a z 000zy 
200 1 |a Увлекательная палеонтология  |f М. Д. Поплавская 
210 |a Киев  |c Наукова думка  |d 1982 
215 |a 127 с.  |c ил. 
225 1 |a Научно-популярная литература 
610 1 |a палеонтология 
610 1 |a развитие 
610 1 |a зарождение 
610 1 |a становление 
610 1 |a современность 
610 1 |a будущее 
675 |a 56  |v 3 
700 1 |a Поплавская  |b М. Д.  |g Маргарита Дмитриевна 
801 1 |a RU  |b 63413507  |c 20061109  |g PSBO 
801 2 |a RU  |b 63413507  |c 20070429  |g PSBO 
942 |c BK